[Event "SF Pfullingen - TG Biberach"]
[Site "?"]
[Date "2023.12.10"]
[Round "4.1"]
[White "Sinz, Bernhard"]
[Black "Braeuner, Uwe"]
[Result "1-0"]
[WhiteElo "2320"]
[BlackElo "2121"]
[PlyCount "81"]
[EventDate "2023.??.??"]

1. e4 e5 2. Nf3 Nc6 3. Bc4 d6 4. c3 Bg4 5. Qb3 Qd7 6. Bxf7+ Qxf7 7. Qxb7 Nd8 8. Qxa8 Bxf3 9. gxf3 Qxf3 10. Rg1 Nf6 11. Qxa7 Qxe4+ 12. Qe3 Qh4 13. Qg3 Qe4+ 14. Qe3 Qh4 15. Qg3 Qe4+ 16. Kd1 Ne6 17. d3 Qd5 18. Kc2 Be7 19. Be3 O-O 20. Nd2 Rb8 21. Qh3 Nf8 22. a4 c5 23. Qg2 Qf7 24. a5 d5 25. a6 Ng6 26. Ra5 Bd8 27. Rxc5 Bb6 28. Rb5 d4 29. cxd4 Qd7 30. Rb3 exd4 31. Bg5 Nd5 32. Nc4 Rc8 33. Kb1 Bc5 34. Rc1 Nb4 35. Qb7 Rc7 36. Rxb4 Rxb7 37. axb7 Ba7 38. b8=Q+ Bxb8 39. Rxb8+ Nf8 40. Ne5 Qf5 41. Rcc8 1-0

[Event "SF Pfullingen - TG Biberach"]
[Site "?"]
[Date "2023.12.10"]
[Round "4.2"]
[White "Finke, Dominik"]
[Black "Fischer, Andre"]
[Result "1/2-1/2"]
[WhiteElo "2032"]
[BlackElo "2251"]
[PlyCount "85"]
[EventDate "2023.??.??"]

1. e4 c5 2. c3 Nf6 3. e5 Nd5 4. d4 cxd4 5. Nf3 e6 6. cxd4 d6 7. Bc4 Nc6 8. O-O Be7 9. Qe2 O-O 10. Nc3 Nxc3 11. bxc3 dxe5 12. dxe5 Qa5 13. Bd2 Rd8 14. Bd3 Bd7 15. Rab1 Rab8 16. h4 Be8 17. h5 Rd7 18. Rfd1 Rbd8 19. Be4 Qc7 20. Bf4 Rxd1+ 21. Rxd1 Rxd1+ 22. Qxd1 Na5 23. Qd3 g6 24. Nd4 a6 25. hxg6 hxg6 26. Nxe6 fxe6 27. Bxg6 Bf7 28. Be4 Kf8 29. g4 Ke8 30. g5 Bf8 31. g6 Bg8 32. Bg5 Bg7 33. f4 Qd7 34. Qe2 Nc6 35. Qc4 Qd1+ 36. Kh2 Qd2+ 37. Kg3 Qe3+ 38. Kg2 Qd2+ 39. Kf1 Qd1+ 40. Kf2 Qd2+ 41. Kf1 Qd1+ 42. Kf2 Qd2+ 43. Kf1 1/2-1/2

[Event "SF Pfullingen - TG Biberach"]
[Site "?"]
[Date "2023.12.10"]
[Round "4.3"]
[White "Oberst, Thomas"]
[Black "Altenhof, Martin"]
[Result "1/2-1/2"]
[WhiteElo "2227"]
[BlackElo "2166"]
[PlyCount "29"]
[EventDate "2023.??.??"]

1. c4 g6 2. Nc3 Bg7 3. g3 c5 4. Bg2 Nc6 5. d3 d6 6. e4 e6 7. Nge2 Nge7 8. O-O Rb8 9. Rb1 b6 10. Be3 O-O 11. d4 e5 12. dxe5 dxe5 13. Qxd8 Rxd8 14. Nd5 Nxd5 15. exd5 1/2-1/2

[Event "SF Pfullingen - TG Biberach"]
[Site "?"]
[Date "2023.12.10"]
[Round "4.4"]
[White "Goldinger, Peter"]
[Black "Birkenmaier, Rainer"]
[Result "1/2-1/2"]
[WhiteElo "2038"]
[BlackElo "2098"]
[PlyCount "32"]
[EventDate "2023.??.??"]

1. d4 Nf6 2. c4 e6 3. Nc3 d5 4. Nf3 c6 5. e3 Nbd7 6. a3 Bd6 7. Qc2 O-O 8. Be2 dxc4 9. Bxc4 e5 10. Ba2 Qe7 11. h3 exd4 12. Nxd4 Nb6 13. Nf5 Bxf5 14. Qxf5 Qe5 15. Qxe5 Bxe5 16. Bd2 Rad8 1/2-1/2

[Event "SF Pfullingen - TG Biberach"]
[Site "?"]
[Date "2023.12.10"]
[Round "4.5"]
[White "Sokratov, Stanislav"]
[Black "Guess, Cornel-Andreas"]
[Result "1-0"]
[WhiteElo "2183"]
[BlackElo "1897"]
[PlyCount "73"]
[EventDate "2023.??.??"]

1. d4 d5 2. Nf3 e6 3. Bf4 Nf6 4. e3 Bd6 5. Nbd2 Bxf4 6. exf4 O-O 7. c3 b6 8. h4 c5 9. h5 Qd6 10. h6 g6 11. g3 cxd4 12. Nxd4 e5 13. fxe5 Qxe5+ 14. Be2 Ba6 15. Kf1 Re8 16. Bxa6 Nxa6 17. Qf3 Ne4 18. N2b3 Nac5 19. Kg2 Ng5 20. Qf4 Qxf4 21. gxf4 Nge6 22. f5 Nxb3 23. axb3 Nxd4 24. cxd4 Re4 25. Rhc1 f6 26. Rc7 Rg4+ 27. Kf3 gxf5 28. Re1 Rg6 29. Ree7 Rxh6 30. Kf4 Rh5 31. b4 Rh4+ 32. Kxf5 Rxd4 33. Rg7+ Kh8 34. Rxh7+ Kg8 35. f4 Rd2 36. Rcg7+ Kf8 37. Kxf6 1-0

[Event "SF Pfullingen - TG Biberach"]
[Site "?"]
[Date "2023.12.10"]
[Round "4.6"]
[White "Einwiller, Bernd"]
[Black "Mack, Wolfgang"]
[Result "0-1"]
[WhiteElo "2094"]
[BlackElo "2239"]
[PlyCount "128"]
[EventDate "2023.??.??"]

1. g3 g6 2. Bg2 Bg7 3. e4 e5 4. d3 Nc6 5. Nc3 d6 6. Be3 Be6 7. Nge2 Qd7 8. Nd5 Nd8 9. h3 f5 10. Ndc3 Nf6 11. Qd2 d5 12. exd5 Nxd5 13. Nxd5 Bxd5 14. O-O Bxg2 15. Kxg2 Ne6 16. f3 O-O 17. c3 Rad8 18. Rad1 c5 19. a3 Qc6 20. Qc2 Rd7 21. h4 b6 22. Bc1 Rfd8 23. Bg5 Re8 24. Bc1 Bf6 25. Ng1 Red8 26. Nh3 f4 27. gxf4 exf4 28. Bxf4 Bxh4 29. Be5 Rf7 30. Qe2 Bf6 31. Bxf6 Rxf6 32. Qe4 Qd6 33. Rfe1 Rdf8 34. Re3 Nf4+ 35. Nxf4 Rxf4 36. Qe6+ Qxe6 37. Rxe6 Rxf3 38. d4 cxd4 39. cxd4 R3f6 40. Re7 R8f7 41. Re8+ Kg7 42. Rd8 Rf2+ 43. Kg1 Rf8 44. Rd7+ R2f7 45. Rd6 Re8 46. d5 Ree7 47. a4 Rd7 48. Rc6 Rf5 49. d6 Kf7 50. Rc8 Rf6 51. Rh8 Kg7 52. Rc8 h5 53. Rc7 Rff7 54. Rc6 Kf6 55. b4 Ke6 56. Re1+ Kd5 57. b5 Rf4 58. Rd1+ Rd4 59. Rf1 Rxd6 60. Rc7 Rxa4 61. Rd1+ Ke6 62. Rxd6+ Kxd6 63. Rc6+ Kd5 64. Rxg6 Rg4+ 0-1

[Event "SF Pfullingen - TG Biberach"]
[Site "?"]
[Date "2023.12.10"]
[Round "4.7"]
[White "Engelhart, Achim"]
[Black "Nagelsdiek, Michael"]
[Result "0-1"]
[WhiteElo "2068"]
[BlackElo "2031"]
[PlyCount "74"]
[EventDate "2023.??.??"]

1. e4 c5 2. c3 d5 3. exd5 Nf6 4. Bb5+ Nbd7 5. d4 Qb6 6. c4 cxd4 7. Nf3 e6 8. dxe6 fxe6 9. Nxd4 Bc5 10. Be3 O-O 11. O-O Ne5 12. Nc2 Neg4 13. Bxc5 Qxc5 14. Qe2 a6 15. Ba4 Qc7 16. g3 Qa5 17. Nc3 Qh5 18. f3 Qc5+ 19. Kg2 Ne5 20. Bb3 b6 21. Rae1 Ng6 22. Qe3 Qc7 23. c5 bxc5 24. Bxe6+ Kh8 25. Bxc8 Raxc8 26. Ne4 Nd5 27. Qf2 Ne5 28. Qe2 c4 29. Ne3 Nb4 30. a3 Nbd3 31. Rd1 Rb8 32. Rd2 Qc6 33. Nd1 Qg6 34. Kh1 Rbe8 35. Ndc3 Qh5 36. Kg2 Nxf3 37. Rxd3 Qxh2# 0-1

[Event "SF Pfullingen - TG Biberach"]
[Site "?"]
[Date "2023.12.10"]
[Round "4.8"]
[White "Einwiller, Dieter"]
[Black "Wunder, Fabian"]
[Result "1-0"]
[WhiteElo "1973"]
[BlackElo "2055"]
[PlyCount "81"]
[EventDate "2023.??.??"]

1. d4 Nf6 2. Nf3 e6 3. c3 Be7 4. Bf4 b6 5. e3 Bb7 6. Nbd2 Nh5 7. Bg3 d6 8. Bd3 Nd7 9. a4 a5 10. Qe2 f5 11. O-O O-O 12. Ne1 Nxg3 13. fxg3 Nf6 14. e4 fxe4 15. Nxe4 Nxe4 16. Rxf8+ Bxf8 17. Bxe4 c6 18. Bc2 Qf6 19. Nd3 Re8 20. Rf1 Qe7 21. Re1 Ba6 22. Qe4 d5 23. Qg4 Bxd3 24. Bxd3 Qf7 25. Rf1 Qe7 26. Re1 Qf7 27. h4 Bd6 28. Rf1 Qd7 29. Qh5 g6 30. Bxg6 Re7 31. Bd3 Bxg3 32. Qf3 Rf7 33. Qxg3+ Kh8 34. Qe5+ Kg8 35. Rf6 Qe7 36. Rxe6 Qxh4 37. Re8+ Rf8 38. Rxf8+ Kxf8 39. Qh8+ Kf7 40. Qxh7+ Qxh7 41. Bxh7 1-0

[Event "SF Deizisau 2 - SC BÃ¶blingen"]
[Site "?"]
[Date "2023.12.10"]
[Round "4.1"]
[White "Gaehwiler, Gabriel"]
[Black "Koellner, Ruben Gideon"]
[Result "1/2-1/2"]
[WhiteElo "2381"]
[BlackElo "2490"]
[PlyCount "121"]
[EventDate "2023.??.??"]

1. e4 e5 2. Nf3 Nc6 3. d4 exd4 4. Nxd4 Nf6 5. Nc3 Bb4 6. Nxc6 bxc6 7. Bd3 d5 8. exd5 O-O 9. O-O Bg4 10. f3 Bh5 11. dxc6 Qd4+ 12. Kh1 Bxc3 13. bxc3 Qxc3 14. Rb1 Bg6 15. Rb3 Qxc6 16. Bb2 Rad8 17. Qa1 Bxd3 18. cxd3 Rfe8 19. Rc1 Qd6 20. Bxf6 gxf6 21. Rb7 Re2 22. Rbxc7 Qxd3 23. Rxa7 Rde8 24. Ra4 Qe3 25. Re4 Rxe4 26. fxe4 Rxa2 27. Qb1 Qf2 28. Qb8+ Kg7 29. Qg3+ Qxg3 30. hxg3 Rf2 31. Kh2 f5 32. Rc6 h5 33. Ra6 h4 34. gxh4 Rf4 35. Kg3 Rxe4 36. Kf3 Re6 37. Ra5 Kf6 38. g4 fxg4+ 39. Kxg4 Re4+ 40. Kf3 Re5 41. Ra7 Kg6 42. Kf4 Rb5 43. Kg4 Rb4+ 44. Kf3 f6 45. Ra5 Rxh4 46. Rb5 Rh1 47. Ra5 Rf1+ 48. Kg3 Rb1 49. Kg4 f5+ 50. Kf4 Rb4+ 51. Kf3 Kg5 52. Ra3 Rh4 53. Kg3 f4+ 54. Kg2 Kg4 55. Ra8 f3+ 56. Kg1 Kg3 57. Rg8+ Rg4 58. Rxg4+ Kxg4 59. Kf2 Kf4 60. Kf1 Kg3 61. Kg1 1/2-1/2

[Event "SF Deizisau 2 - SC BÃ¶blingen"]
[Site "?"]
[Date "2023.12.10"]
[Round "4.2"]
[White "Dabo-Peranic, Robert"]
[Black "Ortmann, David"]
[Result "1-0"]
[WhiteElo "2334"]
[BlackElo "2303"]
[PlyCount "201"]
[EventDate "2023.??.??"]

1. e4 e6 2. d4 d5 3. Nc3 Nc6 4. e5 a6 5. f4 Nh6 6. Be3 g5 7. fxg5 Nf5 8. Bf2 Qxg5 9. Nf3 Qh6 10. Qe2 Be7 11. Qd2 Qxd2+ 12. Kxd2 Rg8 13. Rg1 h5 14. Bd3 Bb4 15. a3 Bxc3+ 16. Kxc3 Nce7 17. b4 Bd7 18. a4 a5 19. b5 b6 20. g3 O-O-O 21. Kd2 Rg7 22. Rg2 Rdg8 23. Rgg1 Kb7 24. Raf1 c6 25. Be2 cxb5 26. axb5 Nc8 27. Rb1 Nce7 28. Ne1 Rh8 29. c3 Ng6 30. Nc2 Be8 31. Bd3 Nh6 32. h3 Nf5 33. Ke2 Nge7 34. Kf3 Rh6 35. Rh1 Rh8 36. g4 Nh6 37. Bh4 hxg4+ 38. hxg4 Neg8 39. Rbg1 Bd7 40. Bf2 f6 41. exf6 Nxf6 42. g5 Rf8 43. gxf6 Rxf6+ 44. Ke2 Rxg1 45. Bxg1 Nf5 46. Bf2 Nd6 47. Rh7 Kc8 48. Bh4 Rf7 49. Rxf7 Nxf7 50. Bg3 Ng5 51. Na3 Be8 52. Bf4 Nf7 53. Bg6 Nd6 54. Bxe8 Nxe8 55. Be5 Kd7 56. c4 Nd6 57. c5 bxc5 58. dxc5 Nxb5 59. Nxb5 Kc6 60. Nd4+ Kxc5 61. Nxe6+ Kc4 62. Kd2 a4 63. Kc2 a3 64. Bg7 d4 65. Nxd4 a2 66. Kb2 a1=Q+ 67. Kxa1 Kd3 68. Kb2 Ke4 69. Kc3 Ke3 70. Nc2+ Ke4 71. Kc4 Kf4 72. Kd4 Kf3 73. Ne3 Kf4 74. Kd3 Kf3 75. Nd5 Kg4 76. Ke4 Kg3 77. Be5+ Kg4 78. Bf4 Kh3 79. Kf3 Kh4 80. Nf6 Kh3 81. Bg5 Kh2 82. Ne4 Kh1 83. Bf4 Kg1 84. Nf2 Kf1 85. Bh2 Ke1 86. Ne4 Kd1 87. Ke3 Kc2 88. Nd2 Kc3 89. Bd6 Kb2 90. Bb4 Kc2 91. Ke2 Kb2 92. Kd3 Kc1 93. Nf3 Kd1 94. Nd4 Kc1 95. Ke2 Kb2 96. Kd2 Kb1 97. Ba3 Ka2 98. Bc1 Kb1 99. Ne2 Ka2 100. Kc2 Ka1 101. Bb2+ 1-0

[Event "SF Deizisau 2 - SC BÃ¶blingen"]
[Site "?"]
[Date "2023.12.10"]
[Round "4.3"]
[White "Mueller, Ralf"]
[Black "Bronznik, Valerij"]
[Result "0-1"]
[WhiteElo "2346"]
[BlackElo "2265"]
[PlyCount "72"]
[EventDate "2023.??.??"]

1. d4 Nf6 2. c4 e6 3. Nf3 c5 4. d5 exd5 5. cxd5 d6 6. Nc3 g6 7. Bf4 a6 8. a4 Bg7 9. h3 O-O 10. e3 Ne8 11. Be2 b6 12. O-O Nd7 13. Nd2 Ne5 14. Qb3 f5 15. Rad1 Rb8 16. Bh2 Nc7 17. f4 Nf7 18. e4 fxe4 19. Ndxe4 b5 20. Ng5 Nxg5 21. fxg5 Bf5 22. axb5 axb5 23. Bf3 b4 24. Ne2 Nb5 25. h4 Re8 26. Ng3 Nd4 27. Qc4 Bc2 28. Rxd4 Bxd4+ 29. Kh1 b3 30. Bg4 Rb4 31. Qa6 Qb6 32. Be6+ Kh8 33. Qa1 Be5 34. Ne2 Rxh4 35. g3 Be4+ 36. Kg1 c4+ 0-1

[Event "SF Deizisau 2 - SC BÃ¶blingen"]
[Site "?"]
[Date "2023.12.10"]
[Round "4.4"]
[White "Ruf, Matthias"]
[Black "Tran, Thanh Kien"]
[Result "1/2-1/2"]
[WhiteElo "2306"]
[BlackElo "2169"]
[PlyCount "20"]
[EventDate "2023.??.??"]

1. Nf3 Nf6 2. g3 g6 3. c4 Bg7 4. Bg2 O-O 5. d4 c5 6. Nc3 cxd4 7. Nxd4 Nc6 8. O-O d6 9. Nc2 Qa5 10. Bd2 Qh5 1/2-1/2

[Event "SF Deizisau 2 - SC BÃ¶blingen"]
[Site "?"]
[Date "2023.12.10"]
[Round "4.5"]
[White "Vujic, Branimir"]
[Black "Koellner, Aaron Noah"]
[Result "0-1"]
[WhiteElo "2231"]
[BlackElo "2153"]
[PlyCount "74"]
[EventDate "2023.??.??"]

1. d4 d5 2. Bf4 Nf6 3. e3 e6 4. Nd2 c5 5. c3 cxd4 6. exd4 Nc6 7. Bd3 g6 8. Ngf3 Nh5 9. Bg5 f6 10. Be3 Bd6 11. g3 O-O 12. Qc2 e5 13. dxe5 fxe5 14. Be2 Ng7 15. h4 e4 16. Nd4 Nxd4 17. cxd4 Nf5 18. Qb3 Qa5 19. h5 Bb4 20. hxg6 hxg6 21. O-O-O Bd7 22. a3 Bxd2+ 23. Rxd2 Rac8+ 24. Kb1 Ba4 25. Qxb7 Rc7 26. Qb4 Qxb4 27. axb4 Nxe3 28. fxe3 Rf2 29. Rc1 Rcf7 30. Ka2 Rg2 31. b3 Bb5 32. Bxb5 Rxd2+ 33. Ka3 Rff2 34. Ra1 Rf3 35. Re1 Kf7 36. Bc6 Ke6 37. b5 Rd3 0-1

[Event "SF Deizisau 2 - SC BÃ¶blingen"]
[Site "?"]
[Date "2023.12.10"]
[Round "4.6"]
[White "Gustain, Marc"]
[Black "Schroeter, Samuel"]
[Result "1-0"]
[WhiteElo "2108"]
[BlackElo "2144"]
[PlyCount "35"]
[EventDate "2023.??.??"]

1. e4 g6 2. d4 Bg7 3. Nf3 c5 4. dxc5 Qa5+ 5. c3 Qxc5 6. Na3 Qc7 7. Nb5 Qd8 8. Bc4 Nc6 9. Qd5 Nh6 10. Bxh6 O-O 11. Bxg7 Kxg7 12. h4 d6 13. h5 a6 14. hxg6 hxg6 15. Nbd4 Ne5 16. Nxe5 e6 17. Nxf7 exd5 18. Nxd8 1-0

[Event "SF Deizisau 2 - SC BÃ¶blingen"]
[Site "?"]
[Date "2023.12.10"]
[Round "4.7"]
[White "Born, Mario"]
[Black "Rempeli, Alex"]
[Result "1/2-1/2"]
[WhiteElo "2166"]
[BlackElo "2095"]
[PlyCount "74"]
[EventDate "2023.??.??"]

1. d4 e6 2. g3 d5 3. Bg2 c5 4. Nf3 cxd4 5. O-O Nf6 6. Nxd4 e5 7. Nb3 Be6 8. Bg5 Nbd7 9. Qd3 Be7 10. Bxf6 Nxf6 11. Qb5+ Qd7 12. Nc3 Rd8 13. Rad1 O-O 14. Qxd7 Rxd7 15. f4 exf4 16. gxf4 d4 17. Rxd4 Rfd8 18. Rxd7 Rxd7 19. Rd1 Rxd1+ 20. Nxd1 b6 21. e4 a5 22. f5 Bxb3 23. axb3 Bc5+ 24. Kf1 Ng4 25. Ke2 Kf8 26. h3 Ne5 27. Ne3 Ke7 28. c3 Kd6 29. Nd5 Bg1 30. Nf4 g6 31. Nd5 Nd7 32. Ne3 Ne5 33. Nc2 Nc6 34. Ne3 Ne5 35. Nc2 Nc6 36. Ne1 Ne5 37. Kf1 Be3 1/2-1/2

[Event "SF Deizisau 2 - SC BÃ¶blingen"]
[Site "?"]
[Date "2023.12.10"]
[Round "4.8"]
[White "Brenner, Markus"]
[Black "Frolik, Erhard"]
[Result "1/2-1/2"]
[WhiteElo "2098"]
[BlackElo "2260"]
[PlyCount "29"]
[EventDate "2023.??.??"]

1. e4 e5 2. Nf3 Nf6 3. Bc4 Nxe4 4. Nc3 Nxc3 5. dxc3 f6 6. Nh4 g6 7. f4 Qe7 8. f5 Qg7 9. fxg6 hxg6 10. Qg4 g5 11. Nf5 Qh7 12. Bd3 Qg8 13. Bc4 Qh7 14. Bd3 Qg8 15. Bc4 1/2-1/2

[Event "SK Bebenhausen - Heilbronner SV 2"]
[Site "?"]
[Date "2023.12.10"]
[Round "4.1"]
[White "Schnepp, Gunnar"]
[Black "Braun, Georg"]
[Result "0-1"]
[WhiteElo "2264"]
[BlackElo "2393"]
[PlyCount "134"]
[EventDate "2023.??.??"]

1. d4 Nf6 2. c4 e6 3. Nf3 d5 4. g3 dxc4 5. Bg2 Nc6 6. Qa4 Bb4+ 7. Bd2 Nd5 8. Ne5 Bd7 9. Nxd7 Qxd7 10. e3 Bxd2+ 11. Nxd2 Ncb4 12. Qxd7+ Kxd7 13. Ke2 c3 14. Ne4 cxb2 15. Rab1 b6 16. Rxb2 Nc6 17. Rc1 Na5 18. h4 h6 19. Nd2 Rac8 20. Nf3 g6 21. e4 Ne7 22. d5 exd5 23. Bh3+ f5 24. exf5 Kd6 25. Nd4 Nc4 26. f4 Rce8 27. Nb5+ Kc6 28. Kf2 Rhf8 29. a4 a6 30. Nd4+ Kd6 31. Re2 c5 32. Ne6 Nxf5 33. Nxf8 Rxf8 34. Rce1 Nd4 35. Re7 g5 36. Rd7+ Kc6 37. Rh7 gxf4 38. Rxh6+ Nd6 39. Re7 fxg3+ 40. Kxg3 Rd8 41. Re5 Rg8+ 42. Rg5 Rxg5+ 43. hxg5 c4 44. Rf6 c3 45. g6 Ne2+ 46. Kh2 c2 47. g7 c1=Q 48. g8=Q Kc5 49. Qg4 Qc3 50. Rf3 Qe5+ 51. Kg2 Nc4 52. Kf2 Nd4 53. Rd3 Nc2 54. Qg1 Qf4+ 55. Rf3 Qd4+ 56. Kg2 N2e3+ 57. Kh2 Qe4 58. Qg3 Kb4 59. Rf4 Qd3 60. Qe1+ Kxa4 61. Bd7+ b5 62. Rf2 Qh7+ 63. Kg1 Qxd7 64. Ra2+ Kb3 65. Qb1+ Kc3 66. Qa1+ Kb4 67. Qe1+ Kc5 0-1

[Event "SK Bebenhausen - Heilbronner SV 2"]
[Site "?"]
[Date "2023.12.10"]
[Round "4.2"]
[White "Waffenschmidt, Lars"]
[Black "Ramirez Marin, Ivan"]
[Result "0-1"]
[WhiteElo "2285"]
[BlackElo "2254"]
[PlyCount "52"]
[EventDate "2023.??.??"]

1. e4 c5 2. Nf3 Nc6 3. d4 cxd4 4. Nxd4 e5 5. Nb5 d6 6. a4 Be7 7. N1c3 a6 8. Na3 Nf6 9. Bg5 O-O 10. Bxf6 Bxf6 11. Bc4 Kh8 12. O-O Bg5 13. Nd5 f5 14. exf5 Bxf5 15. Re1 Rc8 16. Bd3 Be6 17. Qh5 Bh6 18. Ne3 d5 19. Bf5 Bxf5 20. Nxf5 Qf6 21. Nxh6 Qxf2+ 22. Kh1 gxh6 23. h3 Rf5 24. Qxh6 Rg8 25. Rg1 Rg6 26. Qc1 Nd4 0-1

[Event "SK Bebenhausen - Heilbronner SV 2"]
[Site "?"]
[Date "2023.12.10"]
[Round "4.3"]
[White "Mages, Steffen"]
[Black "Hartmann, Martin"]
[Result "0-1"]
[WhiteElo "2135"]
[BlackElo "2167"]
[PlyCount "96"]
[EventDate "2023.??.??"]

1. d4 Nf6 2. c4 e6 3. Nf3 c5 4. e3 cxd4 5. exd4 d5 6. Nc3 Be7 7. Qb3 O-O 8. Be2 dxc4 9. Qxc4 a6 10. O-O b5 11. Qd3 Bb7 12. Bg5 Nbd7 13. Rfd1 Nb6 14. a3 Nbd5 15. Ne5 h6 16. Nxd5 Nxd5 17. Bd2 Bf6 18. Qg3 Ne7 19. Bb4 Nf5 20. Qf4 Bg5 21. Qg4 Be7 22. Bc3 Bd5 23. Bf3 Bf6 24. Bb4 Re8 25. Bc5 Rc8 26. b4 Bxf3 27. Qxf3 Qc7 28. Ng4 Be7 29. a4 Bxc5 30. dxc5 Ne7 31. Rd6 Nd5 32. Rd1 Red8 33. Ne5 bxa4 34. h4 a3 35. Nc4 Nxb4 36. Qxa3 Rxd6 37. Nxd6 Rb8 38. Rc1 Qc6 39. Rc4 Nd5 40. Qf3 Qc7 41. h5 Nf6 42. g4 Nd5 43. Ne4 Rb1+ 44. Kg2 Nf4+ 45. Kh2 Nxh5+ 46. Ng3 Nf6 47. c6 Rb6 48. Kg2 Nd5 0-1

[Event "SK Bebenhausen - Heilbronner SV 2"]
[Site "?"]
[Date "2023.12.10"]
[Round "4.4"]
[White "Honisch, Alexander"]
[Black "Peng, Xiang-Tobias"]
[Result "1/2-1/2"]
[WhiteElo "2155"]
[BlackElo "2146"]
[PlyCount "90"]
[EventDate "2023.??.??"]

1. e4 e5 2. Nf3 Nc6 3. Bb5 a6 4. Ba4 Nf6 5. O-O Nxe4 6. d4 b5 7. Bb3 d5 8. dxe5 Be6 9. Qe2 Nc5 10. Rd1 Nxb3 11. cxb3 Qd7 12. Nc3 Be7 13. Be3 O-O 14. Rd2 Rfd8 15. h3 Qe8 16. Rad1 h6 17. a3 d4 18. Nxd4 Nxd4 19. Rxd4 Bxb3 20. R1d2 Rxd4 21. Rxd4 c5 22. Rd2 Qc6 23. Qd3 Rd8 24. Qe4 Qxe4 25. Rxd8+ Bxd8 26. Nxe4 c4 27. Nc5 a5 28. Nxb3 cxb3 29. Kf1 Kf8 30. Ke2 Ke7 31. Kd3 Kd7 32. f4 Kc6 33. Ke4 a4 34. Bd2 Kc5 35. Bb4+ Kc6 36. Bd2 Be7 37. Bc3 g6 38. g4 Bh4 39. f5 Bg5 40. f6 Kd7 41. Kd5 Be3 42. Ke4 Bc1 43. Kd5 Be3 44. Ke4 Bc1 45. Kd5 Be3 1/2-1/2

[Event "SK Bebenhausen - Heilbronner SV 2"]
[Site "?"]
[Date "2023.12.10"]
[Round "4.5"]
[White "Dudek, Richard"]
[Black "Latzke, Boris"]
[Result "1-0"]
[WhiteElo "2181"]
[BlackElo "2201"]
[PlyCount "179"]
[EventDate "2023.??.??"]

1. e4 e5 2. Nf3 Nc6 3. Bb5 a6 4. Ba4 Nf6 5. O-O Be7 6. Re1 b5 7. Bb3 d6 8. c3 O-O 9. h3 Nb8 10. d4 Nbd7 11. Nbd2 Bb7 12. Bc2 Re8 13. b3 Bf8 14. Bb2 g6 15. a4 c5 16. Bd3 b4 17. dxe5 bxc3 18. Bxc3 Nxe5 19. Nxe5 dxe5 20. Nc4 Nd7 21. Qe2 Qc7 22. Rad1 Bh6 23. Ba5 Qc6 24. Bc2 Re6 25. Qd3 Nf6 26. Nb6 Rf8 27. Nd5 Ne8 28. Bd8 Kh8 29. Ne7 c4 30. Qc3 Qc5 31. b4 Qa7 32. Nd5 Qb8 33. Be7 Rg8 34. Bc5 Nd6 35. Nb6 Bg7 36. Nxc4 Nxc4 37. Qxc4 Qc7 38. Qd3 Bf8 39. Bxf8 Rxf8 40. Rd2 Rc6 41. Rb1 Rc4 42. Qe2 Rc8 43. Bd3 Rd4 44. Rc2 Qd6 45. Rxc8+ Bxc8 46. Bc4 Bb7 47. f3 Kg7 48. Kh2 h5 49. a5 f5 50. Bd5 Bxd5 51. exd5 Rxd5 52. Kh1 h4 53. Qf2 Rd4 54. b5 axb5 55. Rxb5 e4 56. Rb7+ Kf8 57. Rb1 exf3 58. Qxf3 Re4 59. Qc3 Qe5 60. Qxe5 Rxe5 61. Ra1 Re7 62. Kg1 Ra7 63. a6 Ke7 64. Kf2 Kd6 65. Ke3 g5 66. Kd4 g4 67. Ke3 gxh3 68. gxh3 Kc6 69. Kf4 Kb6 70. Kxf5 Rf7+ 71. Kg4 Ka7 72. Kxh4 Rc7 73. Ra4 Rh7+ 74. Kg3 Rg7+ 75. Kh2 Rc7 76. h4 Rc5 77. Kh3 Rc1 78. h5 Rg1 79. Kh4 Rh1+ 80. Kg5 Rc1 81. Ra5 Rg1+ 82. Kf6 Rf1+ 83. Kg6 Rc1 84. h6 Rc6+ 85. Kh5 Rc7 86. Kg5 Rc1 87. h7 Rc8 88. Rf5 Kxa6 89. Kg6 Kb6 90. Kg7 1-0

[Event "SK Bebenhausen - Heilbronner SV 2"]
[Site "?"]
[Date "2023.12.10"]
[Round "4.6"]
[White "Roth, Juergen Eugen"]
[Black "Ensslinger, Colin"]
[Result "1/2-1/2"]
[WhiteElo "2137"]
[BlackElo "1988"]
[PlyCount "90"]
[EventDate "2023.??.??"]

1. g3 Nf6 2. Bg2 d5 3. f4 Bf5 4. Nf3 Qc8 5. O-O Bh3 6. d3 h5 7. Qe1 Bxg2 8. Kxg2 Nc6 9. e4 e6 10. exd5 Nxd5 11. Nc3 Nde7 12. d4 Qd7 13. Be3 O-O-O 14. Rd1 Nf5 15. d5 exd5 16. Rxd5 Bd6 17. Bf2 g6 18. Nb5 f6 19. c4 Qf7 20. Nxd6+ Nxd6 21. b3 Rhe8 22. Qb1 Re2 23. Re1 Rde8 24. Rd2 Rxe1 25. Bxe1 Nf5 26. Bf2 Qe7 27. Qd3 Rd8 28. Qe2 Rxd2 29. Qxd2 Qe4 30. Qe1 Nd6 31. Qxe4 Nxe4 32. Be3 Nb4 33. a4 a5 34. Bd2 Nc6 35. Be3 b6 36. Kf1 Kd7 37. Ke2 Nb4 38. Bd4 Ke6 39. Ke3 Nd6 40. Bc3 Nf5+ 41. Ke4 Nd6+ 42. Ke3 Nf5+ 43. Ke4 Na6 44. Bd4 Nd6+ 45. Ke3 Nf5+ 1/2-1/2

[Event "SK Bebenhausen - Heilbronner SV 2"]
[Site "?"]
[Date "2023.12.10"]
[Round "4.7"]
[White "Geshnizjani, Ramin"]
[Black "Frick, Christoph"]
[Result "1-0"]
[WhiteElo "2149"]
[BlackElo "2157"]
[PlyCount "73"]
[EventDate "2023.??.??"]

1. e4 c6 2. d4 d5 3. exd5 cxd5 4. Bd3 Nc6 5. c3 Qc7 6. h3 g6 7. Ne2 Bf5 8. Bxf5 gxf5 9. g4 fxg4 10. hxg4 Nf6 11. g5 Ne4 12. Bf4 e5 13. Be3 O-O-O 14. Nd2 Bg7 15. Nxe4 dxe4 16. d5 Qa5 17. Ng3 Kb8 18. b4 Qb5 19. Nxe4 Qc4 20. Qe2 Qxd5 21. Rd1 Qe6 22. Nc5 Rxd1+ 23. Qxd1 Qc4 24. Qb3 Qxb3 25. axb3 Ne7 26. Ke2 Nd5 27. Bd2 b6 28. Ne4 f5 29. gxf6 Nxf6 30. Nxf6 Bxf6 31. Rh5 Kc7 32. c4 a6 33. Bc3 Kd6 34. Rh6 Ke6 35. f4 Rg8 36. fxe5 Kf5 37. exf6 1-0

[Event "SK Bebenhausen - Heilbronner SV 2"]
[Site "?"]
[Date "2023.12.10"]
[Round "4.8"]
[White "Kasueschke, Lars"]
[Black "Schaefer, Daniel"]
[Result "1-0"]
[WhiteElo "2037"]
[BlackElo "1920"]
[PlyCount "65"]
[EventDate "2023.??.??"]

1. d4 d5 2. c4 e6 3. Nf3 c6 4. e3 f5 5. Bd3 Bd6 6. O-O Nh6 7. b3 Qe7 8. Bb2 Nd7 9. Nc3 g5 10. Ne2 Nf7 11. Nd2 Nf6 12. Nf3 g4 13. Ne5 Qc7 14. cxd5 exd5 15. Qc2 Nxe5 16. dxe5 Bxe5 17. Bxe5 Qxe5 18. Nd4 Ne4 19. Nxc6 Qc7 20. Qb2 O-O 21. Nd4 Bd7 22. Ne2 Rac8 23. Rac1 Qd6 24. Nf4 Rfd8 25. Qd4 Bc6 26. f3 gxf3 27. gxf3 Ng5 28. Bxf5 Bd7 29. Rxc8 Rxc8 30. Nxd5 Rc1 31. Nf6+ Qxf6 32. Qxf6 Nxf3+ 33. Kf2 1-0

[Event "SK Schwäbisch Hall - Stuttgarter SF"]
[Site "?"]
[Date "2023.12.10"]
[Round "4.1"]
[White "Kvetny, Mark"]
[Black "Nevednichy, Vladislav"]
[Result "1/2-1/2"]
[WhiteElo "2417"]
[BlackElo "2452"]
[PlyCount "21"]
[EventDate "2023.??.??"]

1. d4 d5 2. Nc3 e6 3. e4 Nf6 4. Bg5 dxe4 5. Nxe4 Be7 6. Bxf6 gxf6 7. Nf3 a6 8. g3 f5 9. Ned2 c5 10. dxc5 Bxc5 11. Nb3 1/2-1/2

[Event "SK Schwäbisch Hall - Stuttgarter SF"]
[Site "?"]
[Date "2023.12.10"]
[Round "4.2"]
[White "Manoeuvre, Antoine"]
[Black "Neyman, Igor"]
[Result "1-0"]
[WhiteElo "2305"]
[BlackElo "2314"]
[PlyCount "77"]
[EventDate "2023.??.??"]

1. d4 Nf6 2. c4 e6 3. Nc3 Bb4 4. Qc2 d5 5. a3 Bxc3+ 6. Qxc3 dxc4 7. Qxc4 b6 8. Nf3 O-O 9. Bg5 Bb7 10. Rc1 h6 11. Qxc7 Qd5 12. Bxf6 gxf6 13. e3 Na6 14. Qg3+ Kh8 15. Bd3 Qb3 16. Ke2 Qxb2+ 17. Nd2 Rac8 18. Rb1 Qa2 19. Qf4 Kg7 20. Qg4+ Kh8 21. Rb5 Rg8 22. Qf4 Kg7 23. Rh5 Rh8 24. Qg3+ Kf8 25. Qd6+ Kg7 26. Rh3 f5 27. Qe7 Rc7 28. Rg3+ Kh7 29. Qf6 Rg8 30. Rc1 Rxg3 31. Rxc7 Nxc7 32. hxg3 Nd5 33. Qxf7+ Kh8 34. Qf8+ Kh7 35. Bc4 Nc3+ 36. Kd3 Be4+ 37. Nxe4 fxe4+ 38. Kxc3 Qa1+ 39. Kc2 1-0

[Event "SK Schwäbisch Hall - Stuttgarter SF"]
[Site "?"]
[Date "2023.12.10"]
[Round "4.3"]
[White "Brueckner, Thomas"]
[Black "Svana, Peter"]
[Result "1/2-1/2"]
[WhiteElo "2322"]
[BlackElo "2271"]
[PlyCount "33"]
[EventDate "2023.??.??"]

1. d4 Nf6 2. Bf4 g6 3. Nc3 d5 4. e3 Bg7 5. Nb5 Na6 6. Nc3 Nb8 7. Nb5 Na6 8. Nc3 O-O 9. Bxa6 bxa6 10. Be5 Rb8 11. Rb1 a5 12. Qd2 Qd7 13. Nge2 Ba6 14. O-O Rbc8 15. Rfd1 Rfd8 16. Nf4 e6 17. Nd3 1/2-1/2